| 000 | 01017nam a22003137a 4500 | ||
|---|---|---|---|
| 003 | EG-ScBUE | ||
| 005 | 20220202103435.0 | ||
| 008 | 100117s1984 enka f 000 1 eng d | ||
| 020 | _a9780721408927 | ||
| 020 | _a0721408923 | ||
| 040 |
_aEG-ScBUE _beng _erda _cEG-ScBUE _dEG-ScBUE |
||
| 082 | 0 | 4 |
_222 _a823.914 _bGRA |
| 100 | 1 |
_910381 _aGrant, John, _d1949- _eauthor. |
|
| 245 | 1 | 0 |
_aSkeletor's ice attack / _cby John Grant ; illustrated by Robin Davies |
| 250 | _aFirst edition. | ||
| 264 | 1 |
_aLoughborough : _bLadybird books, _c[1984] |
|
| 300 |
_a43 pages : _bcolor illustrations ; _c18 cm. |
||
| 336 |
_2rdacontent _atext _btxt |
||
| 337 |
_2rdamedia _aunmediated _bn |
||
| 338 |
_2rdacarrier _avolume _bnc |
||
| 490 | 0 | _aMasters of the universe | |
| 650 | 7 |
_aFairy tales. _2BUEsh |
|
| 650 | 7 |
_aChildren's stories in English, _y1945- _xTexts _2BUEsh _940119 |
|
| 651 | _2BUEsh | ||
| 653 | _bHHUUEENN | ||
| 655 |
_vReading book _934232 |
||
| 700 | 1 |
_910382 _aDavies, Robin, _d1950- _eauthor. |
|
| 942 |
_2ddc _cBB |
||
| 999 |
_c13139 _d13139 |
||